000 00898nam a22002177a 4500
999 _c18397
_d18397
003 AR-CdUCM
008 190513b ||||| |||| 00| 0 spa d
040 _aMUNICIPALIDAD PROVINCIAL DEL CUSCO
_cBIBLIOTECA MUNICIPAL DEL CUSCO
082 _22ed.
_a376.16 /
_bS31
100 _aSchultz de Mantovani, Fryda
_938958
245 _aEl mundo poético infantil /
260 _aBuenos Aires :
_bEl ateneo,
_c1964.
300 _a15 páginas ;
_c20 cm.
505 _aContenido: El mundo poético infantil -- Lenguaje de la poesía y de la infancia -- Sobre un arte para niños -- Alfonsina Storni enel teatro infantil -- Presencia del niño en la poesía de Gabriela Mistral -- Chesterton y la prolongación de la infancia.
650 _aPoesía infantil
_95555
650 _aPsicología
_91538
650 _aNiños
_99390
650 _aLenguaje
_95227
942 _2ddc
_cLIBROS
945 _aacv
_d2019-05-13